| 000 | 00629cam a2200193u 4500 | ||
|---|---|---|---|
| 001 | 10327681 | ||
| 003 | OSt | ||
| 005 | 20140310115104.0 | ||
| 008 | 850226m1958 arg spa | ||
| 040 |
_aDLC _cBMC _dDLC |
||
| 082 | _a345.82 | ||
| 100 | 1 |
_915037 _aMezger, Edmund _d1883-1962 |
|
| 245 | 1 | 0 |
_aDerecho penal _pParte especial : libro de estudio _cEdmundo Mezger ; traducción de la 4ª ed. alemana... Conrado A. Finzi |
| 260 |
_aBuenos Aires _bEditorial Bibliográfica Argentina _c1959 |
||
| 300 |
_a462 p. _bil. _c24 cm |
||
| 650 | 2 | 4 |
_aDerecho penal _zArgentina _96868 |
| 700 | 1 |
_915039 _aFinzi, Conrado A. |
|
| 942 |
_2ddc _cBK |
||
| 999 |
_c7778 _d7778 |
||